|
|
|
|
| LEADER |
01453nam a2200385 a 4500 |
| 001 |
000430366 |
| 003 |
CZ BrMZK |
| 005 |
20181031095755.0 |
| 007 |
ta |
| 008 |
980624s1946 xr c f cze d |
| 015 |
|
|
|a cnb000666804
|
| 035 |
|
|
|a (OCoLC)85418085
|
| 040 |
|
|
|a BOA001
|b cze
|
| 072 |
|
7 |
|a 37
|x Výchova a vzdělávání
|2 Konspekt
|9 22
|
| 072 |
|
7 |
|a 0/9-053.2
|x Literatura pro děti a mládež (naučná)
|2 Konspekt
|9 26
|
| 080 |
|
|
|a 379.8.03:061.2
|2 MRF
|
| 080 |
|
|
|a 379.8:793/796
|2 MRF
|
| 080 |
|
|
|a 379.82/.84
|2 MRF
|
| 080 |
|
|
|a (0.053.2)
|2 MRF
|
| 080 |
|
|
|a (059.3)
|2 MRF
|
| 100 |
1 |
|
|a Bureš, Karel,
|d 1909-2000
|7 jk01020304
|4 com
|
| 245 |
1 |
0 |
|a Zápisník 13 bobříků /
|c Sestavili Dr. K. Bureš a J[aroslav] Foglar ; [Ilustrovali R. Pleiner a B. Čermák]
|
| 260 |
|
|
|a Praha :
|b Mladá fronta,
|c 1946
|
| 300 |
|
|
|a 113-[V] s. ;
|c 8°
|
| 650 |
0 |
7 |
|a skauting
|7 ph116152
|2 czenas
|
| 650 |
0 |
7 |
|a skautská výchova
|7 ph162873
|2 czenas
|
| 650 |
0 |
7 |
|a hry
|7 ph114716
|2 czenas
|
| 650 |
0 |
7 |
|a dovednosti a znalosti
|7 ph124546
|2 czenas
|
| 655 |
|
7 |
|a publikace pro děti
|7 fd133156
|2 czenas
|
| 655 |
|
7 |
|a zápisníky
|7 fd133889
|2 czenas
|
| 700 |
1 |
|
|a Foglar, Jaroslav,
|d 1907-1999
|7 jk01031485
|4 com
|
| 910 |
|
|
|a BOA001
|b 1-0193.581
|
| 990 |
|
|
|a BK
|
| 996 |
6 |
|
|b 2619485591
|c 1-0193.581
|l MZK
|r Sklad / do 1 hodiny
|n 0
|w 000430366
|u 000020
|a 1
|e BOA001
|j MZK50
|s P
|
| 996 |
7 |
|
|b 2619778434
|c 1-0193.581
|l MZK
|r Sklad / do 1 hodiny
|n 10
|w 000430366
|u 000010
|a 1
|e BOA001
|j MZK50
|s A
|